The Froehlich/Kent encyclopedia of telecommunications

Αποθηκεύτηκε σε:
Λεπτομέρειες βιβλιογραφικής εγγραφής
Άλλοι συγγραφείς: Froehlich, Fritz E. 1925- (Επιμελητής έκδοσης), Kent, Allen (Επιμελητής έκδοσης)
Μορφή: Βιβλίο
Γλώσσα:English
Δημοσίευση: New York : Marcel Dekker, c1997
Θέματα:
Ετικέτες: Προσθήκη ετικέτας
Δεν υπάρχουν, Καταχωρήστε ετικέτα πρώτοι!

MARC

LEADER 00000nam a2200000 i 4500
001 1/88307
008 990824s1997 eng d
020 |a 0-8247-2912-9 
035 |l 10052504 
040 |a GR-MY-UA  |b gre  |e aacr 
041 0 |a eng 
082 0 |a 384.03 
245 1 4 |a The Froehlich/Kent encyclopedia of telecommunications /  |c editor-in-cheif Fritz E. Froehlich; co-editor, Allen Kent 
260 |a New York :   |b Marcel Dekker,   |c c1997 
300 |a 472 p.  |b fig. 
504 |a Includes bibliographical references and index 
505 0 |a Volume 14: NYQUIST, HARRY to QUEUEING SYSTEM MODELS FOR COMMUNICATIONS 
650 0 0 |a Telecommunication  |x Encyclopedias. 
700 1 |a Froehlich, Fritz E.  |d 1925-  |4 edt 
700 1 |a Kent, Allen.  |4 edt 
852 |a INST  |b LESVOS  |e 19990824  |h 384.03 FRO  |p 005100019651  |q 005100019651  |t REF  |y 23  |z v.14 
852 |a INST  |b LESVOS  |e 19990824  |h 384.03 FRO  |p 005100019651  |q 005100019651  |t REF  |v v.14:  |y 23  |z v.14 
853 |a INST  |b LESVOS  |h 384.03 FRO 
901 |a BIBL1-1999-2 
909 |a Λ  |b 063609 
922 |a 1ΕΛΗ  |b 199901  |c ΚΠΣ/ΚΥΒ  |d LEADER 
950 |a 023-1998-09-14 
970 |a ΤΖΑΦΕΡΗ  |b ΕΥΑΓΓΕΛΙΑ  |z 1999/08/27